Základy AutoCADu

Bibliographic Details
Main Author: Zlejší, Jozef (Author)
Format: Book
Language:Slovak
PhysicalDescription:50 s. sch. 21 cm
Published: Banská Bystrica Metodické centrum 1997
ISBN:8080411549
Subjects:

MARC

LEADER 00000nam a2200000 a 4500
001 vtls001285211
003 SK-MaSNL
005 20260301004414.0
008 240314s1997 xo a r y slo
015 |a SNBA1997/08-02349 
020 |a 8080411549 
035 |a SNK000236725 
035 |a urn:nbn:sk:snk-amk5xi 
035 |a urn:nbn:sk:snk-am004m8h 
035 |a 81505C93-16E4-4A3F-86C4-AD895730B0E1 
040 |a SNK  |b slo  |c SNK  |e AACR2 
041 0 |a slo 
044 |a xo  |c SK 
080 |a 681.3.066(035)  |2 1981 
100 1 |a Zlejší, Jozef  |4 aut  |9 47888 
245 1 0 |a Základy AutoCADu  |c Jozef Zlejší 
260 |a Banská Bystrica  |b Metodické centrum  |c 1997 
300 |a 50 s.  |b sch.  |c 21 cm 
500 |a 125 výt. 
504 |a Bibliogr. s. 50 
650 0 7 |a AutoCAD  |x príručky  |2 SNK  |9 63673 
655 7 |a príručky  |2 SNK  |9 74364 
919 |a 80-8041-154-9 
958 |a UO 
958 |a NB 
958 |a TL 
999 |c 542055  |d 543985 
952 |t P60, <09>, [BOOK], {629}  |a SNK  |b SNK  |y NEVYP  |7 0  |o snkC 1081  |i snk2029/970512  |0 0  |1 0  |4 0  |d 1997-05-07  |l 0  |r 2005-01-02 00:00:00  |w 2026-02-23 
952 |t P60, <04>, [BOOK], {604}  |a SNK  |b SNK  |y VYP  |7 0  |p 17A0063272  |o snkSC 93047 D1  |i snkKSP 4752/97  |0 0  |1 0  |4 0  |d 1997-05-13  |l 0  |r 2005-01-02 00:00:00  |w 2026-02-23 
952 |t P60, <03>, [BOOK], {603}  |a SNK  |b SNK  |y PREZ  |7 0  |p 17A0063271  |o snkSC 93047  |i snkKSP 4751/97  |0 0  |1 0  |4 0  |d 1997-05-13  |f 1  |l 0  |r 2025-09-11 00:00:00  |w 2026-02-23